Statistics for Jeopardy #8420

Click here to take the quiz!

General Stats

  • This quiz has been taken 78 times
  • The average score is 10 of 61

Answer Stats

CategoryCashClueAnswer% Correct
VOLCANO CITY USA$200This Oregon city has an extinct volcano within city limits, 630-foot Mount TaborPortland
74%
GROUPS OF 12$400This nation is last alphabetically of the 12 independent mainland countries of South AmericaVenezuela
72%
VOLCANO CITY USA$800Erupting several times in 1992, Mount Spurr has dumped ash on & remains a threat to this largest Alaska cityAnchorage
64%
NAME CALLING$200Due to his New Deal spending, some called the president Franklin Deficit Roosevelt instead of using this middle nameDelano
60%
NAME CALLING$800Using the old family name, Winston Churchill referred to this world leader as "Herr Schicklgruber"Hitler
51%
VOLCANO CITY USA$400Jackson Volcano, under the capital of this southern state, erupted 75 million years ago & formed a dome on which the city sits todayMississippi
49%
EDUCATION$200In 2020 the most common apps used by schools for remote learning included Microsoft Teams & this one founded by Eric YuanZoom
47%
GROUPS OF 12$800Of the 12 signs of the zodiac, it's the only one represented by an arachnidScorpio
43%
EDUCATION$400ESL programs, short for this, got a big push in Florida in the 1960s as Cubans fled their countryEnglish as a second language
36%
NAME CALLING$600France's fifth king with this name, the last Carolingian monarch, was "The Do-Nothing", & that's saying somethingLouis
36%
NAME CALLING$400This Roman emperor was called "Biberius" due to his noted love of drinkingTiberius
32%
VOLCANO CITY USA$1000This "gem" is an extinct volcanic cone with a summit that overlooks HonoluluDiamond Head
28%
GROUPS OF 12$600Pauly Shore plays a loser who becomes this spokesman for a group of 12 in "Jury Duty"the foreman
28%
ALSO A DOG BREED$200Type of nose that's short, broad & somewhat turned uppug
23%
ALSO A DOG BREED$600Manny Pacquiao's occupation; while also true, congressman does not fit the categoryboxer
21%
VOLCANO CITY USA$600Just east of the Valles Caldera, this New Mexico City & national lab site helped create a different type of explosion in WWIILos Alamos
21%
ALSO A DOG BREED$400Swimming Olympian MarkSpitz
21%
1930s LITERATURE$400In a classic story for children, this title bull ignores the matador & enjoys smelling flowersFerdinand
19%
NOTABLE WOMEN$400In 1939 she became the first 20th century Mexican artist to have a painting bought by the LouvreFrida Kahlo
19%
BASEBALL'S BIG NUMBERS$600In 1973 & 1974 this California Angels pitcher hurled a total of 750 strikeouts, the most ever in 2 straight yearsNolan Ryan
19%
BASEBALL'S BIG NUMBERS$400During his career he had a record 14,053 official at-bats; maybe that's why he's also the career hits leaderPete Rose
19%
NAME CALLING$1000Mystic & royal companion Grigori Novykh received this nickname, Russian for "debauched one"Rasputin
19%
BASEBALL'S BIG NUMBERS$800He is the only player in MLB history to walk more than 200 times in one season; he got 232 free passes in 2004Barry Bonds
17%
ALSO A DOG BREED$800A clothes size once meant for the heavier-than-average boyhusky
17%
EDUCATION$1000To get into a school accredited by the American Bar Association, be prepared to take the entrance exam with this acronymLSAT
17%
SKILLFUL WORDS & PHRASES$1200There are 2 consecutive "V"s in the middle of this word that describes your shrewdnesssavvy
13%
SKILLFUL WORDS & PHRASES$400The NAGC is the National Association for these children, which means they're smart, not that they got a lot of Christmas presentsgifted
11%
NOTABLE WOMEN$800Before this woman moved to Montgomery, she helped her husband Raymond defend the Scottsboro Boys in the 1930sRosa Parks
11%
SCIENCE$1200Types of joints in the body include hinge, saddle & "ball &" thissocket
11%
SKILLFUL WORDS & PHRASES$1600From the French for "right", you're skillful in mind or body if you're deemed itadroit
9%
GHOST$400Ghosts are said to live in a "sea of trees" at the base of this Japanese volcano, as do moles, deer & black bearsMount Fuji
9%
SCIENCE$800Castor canadensis is the scientific name for this aquatic rodenta beaver
6%
GEOGRAPHY WORDSN/AFrom the Latin for "key", this word for a type of isolated country applies to Vatican City, which has keys on its flagan enclave
6%
1930s LITERATURE$1200A soldier is horribly wounded in the WWI novel he "Got His Gun", published 2 days after World War II beganJohnny
6%
SKILLFUL WORDS & PHRASES$800This word for a skillful veteran can also mean well-flavored with paprika or cuminseasoned
6%
1930s LITERATURE$800In this Pearl Buck novel, Wang betrays his wife O-Lan for another womanThe Good Earth
6%
BASEBALL'S BIG NUMBERS$1000With Negro League stats now part of Major League history, this slugger may claim the title of "last .400 hitter"Josh Gibson
4%
GHOST$800Named for its white fur, the northern ghost bat feeds mostly on these nocturnal lepidopteransmoths
4%
GROUPS OF 12$200Now used by many groups as an aid to rehabilitation, the twelve-step program started with this organizationAA (Alcoholics Anonymous)
2%
SCIENCE$2000The nuclear research organization CERN has made this stuff & kept it around for 15 minutes, leading to fears of Armageddonantimatter
2%
SCIENCE$400This scientific instrument records P waves, S waves & surface wavesa seismograph
2%
SCIENCE$1600On weather maps, isobars are lines that join areas of equal measures of this(atmospheric) pressure
2%
GROUPS OF 12$1000In song, the 12 days of Christmas gifts include this gift on the eighth dayeight maids a-milking
2%
SKILLFUL WORDS & PHRASES$2000Latin for "easy" gives us this 6-letter adjective for a display of smooth skillfacile
2%
ALSO A DOG BREED$1000Nationality-wise it would describe the wonderful Vitus Bering or the super Jorn Utzongreat Dane
2%
GHOST$1600Near its western border with Algeria, this large African country is home to Idinen, a fortress that's said to be hauntedLibya
2%
BUSTERS$400In a stunning 1990 upset, Buster Douglas knocked out this heavyweight boxing champMike Tyson
2%
BUSTERS$800Prince Buster was a leader in this 3-letter Caribbean music styleska
2%
BUSTERS$1200Catcher Buster Posey helped this team win World Series championships in 2010, 2012 & 2014the San Francisco Giants
2%
EDUCATION$800This 2-word term has been defined as tools that help to make an issue or lesson clearervisual aids
2%
1930s LITERATURE$2000Her novella "Anthem" is set in a future where people live without freedom in collectivesAyn Rand (Alisa Rosembaum)
0%
NOTABLE WOMEN$1200Asked about how she hit the ball so far in golf, this multi-sport wonder said she just loosened her girdle & let it flyBabe (Didrikson) Zaharias
0%
BUSTERS$2000It's the 2-word alliterative name of the 1895 Frederic Remington sculpture seen hereBronco Buster
0%
NOTABLE WOMEN$1600This 3-named woman has been called America's Historian-in-ChiefDoris Kearns Goodwin
0%
NOTABLE WOMEN$2000A 2021 biography says this first female doctor in the U.S. was originally admitted to medical school as a joke(Elizabeth) Blackwell
0%
GHOST$1200This superhero has a flaming skull & sold his soul to a demonGhost Rider
0%
BASEBALL'S BIG NUMBERS$200This legendary Braves slugger who's first on the all-time RBI list with 2,297 passed away in 2021Hank Aaron (Hammerin\' Hank)
0%
EDUCATION$600A counterpart of the Rhodes Scholarship, Kennedy Scholarships enable British citizens to study at these 2 Boston-area schoolsHarvard & MIT (the Massachusetts Institute of Technology)
0%
1930s LITERATURE$1600After a plane crash in the Himalayas, 4 people end up in Shangri-La in this 1933 novelLost Horizon
0%
BUSTERS$1600Buster Keaton made his film debut in this portly silent comic's 1917 2-reeler "The Butcher Boy"(Roscoe) "Fatty" Arbuckle
0%
GHOST$2000"Ghost shirts" that were supposed to protect believers were part of this 19th century Native American movementthe Ghost Dance movement
0%

Score Distribution

Percentile by Number Answered

Percent of People with Each Score

Your Score History

You have not taken this quiz